[Event "POL-chT13 DMP 2 liga corr"]
[Site "Poland"]
[Date "2001.??.??"]
[Round "?"]
[White "Dolinski, Jozef"]
[Black "Mlynarczyk, Robert"]
[Result "0-1"]
[WhiteElo "1000"]
[BlackElo "1800"]
[PlyCount "44"]
[EventDate "2000.??.??"]
[EventType "team (corr)"]
[EventRounds "14"]
[EventCountry "POL"]
[SourceTitle "Corr 2004"]
[Source "ChessBase"]
[SourceDate "2003.04.28"]
[SourceVersion "3"]
[SourceVersionDate "2003.04.28"]
[SourceQuality "1"]

1. e4 e5 2. Nf3 Nc6 3. Bc4 Bc5 4. c3 Nf6 5. d4 exd4 6. cxd4 Bb4+ 7. Bd2 Nxe4 8. Bxf7+ Kxf7 9. Bxb4 d5 10. Ba3 Bg4 11. 0-0 Kg8 12. Kh1 Ng5 13. Re1 Bxf3 14. gxf3 Nh3 15. Rf1 Qf6 16. Nc3 Rd8 17. Qd3 Nf4 18. Qe3 Kf7 19. Rad1 Rhe8 20. Qd2 Ne6 21. f4 Ncxd4 22. Qe3 Nc2 0-1

[Event "POL-chT13 DMP 2 liga corr"]
[Site "Poland"]
[Date "2001.??.??"]
[Round "?"]
[White "Mlynarczyk, Robert"]
[Black "Beszoner, Roman"]
[Result "1-0"]
[WhiteElo "1800"]
[BlackElo "1800"]
[PlyCount "97"]
[EventDate "2000.??.??"]
[EventType "team (corr)"]
[EventRounds "14"]
[EventCountry "POL"]
[SourceTitle "Corr 2004"]
[Source "ChessBase"]
[SourceDate "2003.04.28"]
[SourceVersion "3"]
[SourceVersionDate "2003.04.28"]
[SourceQuality "1"]

1. e4 c5 2. Nf3 d6 3. d4 cxd4 4. Nxd4 Nf6 5. Nc3 a6 6. Bc4 e6 7. 0-0 b5 8. Bd3 Bb7 9. a3 Be7 10. Re1 Nbd7 11. b4 Rc8 12. Bb2 Ne5 13. a4 Qb6 14. axb5 Qxd4 15. bxa6 Bc6 16. b5 Ba8 17. Na4 Qb4 18. b6 Ned7 19. c4 Rxc4 20. Bxc4 Qxc4 21. b7 0-0 22. Qc1 Qb5 23. Be5 Bxb7 24. axb7 Nxe5 25. Qc7 Nfd7 26. Reb1 Qc4 27. b8Q Nxb8 28. Qxe7 Qxe4 29. Qxd6 Nbc6 30. Nc5 Qf4 31. Rd1 h5 32. Ra4 Qf6 33. Nd7 Nxd7 34. Qxc6 Ne5 35. Qc2 g6 36. h3 Rd8 37. f4 Rxd1+ 38. Qxd1 Nc6 39. Qd6 Ne7 40. Qd8+ Kg7 41. Ra8 g5 42. fxg5 Qxg5 43. Qf8+ Kf6 44. Qh8+ Kf5 45. Qc3 Nd5 46. Qf3+ Qf4 47. Qxh5+ Kf6 48. Qh8+ Kf5 49. g4+ 1-0

[Event "POL-chT13 DMP 2 liga corr"]
[Site "Poland"]
[Date "2000.??.??"]
[Round "?"]
[White "Beszoner, Roman"]
[Black "Mlynarczyk, Robert"]
[Result "1-0"]
[WhiteElo "1800"]
[BlackElo "1800"]
[PlyCount "65"]
[EventDate "2000.??.??"]
[EventType "team (corr)"]
[EventRounds "14"]
[EventCountry "POL"]
[SourceTitle "Corr 2004"]
[Source "ChessBase"]
[SourceDate "2003.04.28"]
[SourceVersion "3"]
[SourceVersionDate "2003.04.28"]
[SourceQuality "1"]

1. d4 d6 2. c4 g6 3. e4 Bg7 4. Nc3 e5 5. d5 Nd7 6. Bd3 Bh6 7. Nf3 Bxc1 8. Qxc1 Ngf6 9. h3 0-0 10. Qh6 Re8 11. 0-0 Qe7 12. Nd2 Qf8 13. Qh4 Qe7 14. Qh6 Qf8 15. Qe3 a6 16. g4 h5 17. g5 Nh7 18. Kh2 Qe7 19. Rg1 Rf8 20. Nf3 Nb6 21. Nh4 Rd8 22. Be2 Nf8 23. Raf1 Nfd7 24. b3 Nc5 25. Bxh5 gxh5 26. Nf5 Bxf5 27. exf5 e4 28. f4 Re8 29. f6 Qd7 30. f5 Nxc4 31. bxc4 Qd8 32. Qe2 e3 33. Qxh5 1-0

[Event "POL-chT13 DMP 2 liga corr"]
[Site "Poland"]
[Date "2000.??.??"]
[Round "?"]
[White "Gasperowicz, Mieczyslaw"]
[Black "Mlynarczyk, Robert"]
[Result "0-1"]
[WhiteElo "1600"]
[BlackElo "1800"]
[PlyCount "60"]
[EventDate "2000.??.??"]
[EventType "team (corr)"]
[EventRounds "14"]
[EventCountry "POL"]
[SourceTitle "Corr 2004"]
[Source "ChessBase"]
[SourceDate "2003.04.28"]
[SourceVersion "3"]
[SourceVersionDate "2003.04.28"]
[SourceQuality "1"]

1. d4 d6 2. e4 g6 3. c4 Bg7 4. Nf3 Nf6 5. Nc3 c5 6. dxc5 Qa5 7. Bd3 dxc5 8. 0-0 Nc6 9. h3 0-0 10. Bd2 Bg4 11. hxg4 Nxg4 12. Rb1 Rad8 13. Na4 Qc7 14. Be2 Bh6 15. g3 Bxd2 16. Nxd2 Ne3 17. Qc1 Nxf1 18. Nxf1 Nd4 19. Bd1 e6 20. Kg2 f5 21. exf5 exf5 22. Ne3 f4 23. Nd5 f3+ 24. Kf1 Qe5 25. Qe3 Qh5 26. Ke1 Qh1+ 27. Kd2 Rfe8 28. Nf6+ Kf8 29. Nxe8 Nf5+ 30. Qd3 Rxd3+ 0-1

[Event "POL-chT13 DMP 2 liga corr"]
[Site "Poland"]
[Date "2000.??.??"]
[Round "?"]
[White "Koziura, Miroslaw"]
[Black "Mlynarczyk, Robert"]
[Result "1-0"]
[WhiteElo "2077"]
[BlackElo "1800"]
[PlyCount "75"]
[EventDate "2000.??.??"]
[EventType "team (corr)"]
[EventRounds "14"]
[EventCountry "POL"]
[SourceTitle "Corr 2004"]
[Source "ChessBase"]
[SourceDate "2003.04.28"]
[SourceVersion "3"]
[SourceVersionDate "2003.04.28"]
[SourceQuality "1"]

1. e4 e5 2. Nf3 Nc6 3. Bb5 Nf6 4. Nc3 Bb4 5. a3 Bxc3 6. dxc3 Nxe4 7. Qe2 f5 8. Bxc6 dxc6 9. Nxe5 0-0 10. 0-0 Re8 11. Rd1 Qe7 12. Nd3 Be6 13. Bf4 Rad8 14. f3 Nf6 15. Re1 b6 16. b3 c5 17. c4 a6 18. Rad1 Rd7 19. Qf2 Nh5 20. Be5 Qf7 21. Bb2 Qe7 22. Rd2 Qg5 23. Rde2 Rde7 24. f4 Qg6 25. Qh4 Nf6 26. Ne5 Qh5 27. Qxh5 Nxh5 28. Nc6 Nxf4 29. Nxe7+ Rxe7 30. Re3 Kf7 31. Be5 g5 32. Bxf4 gxf4 33. Rf3 Bc8 34. Rxe7+ Kxe7 35. Rh3 h6 36. Rh5 a5 37. Kf2 Kd8 38. Rxh6 1-0

[Event "POL-chT13 DMP 2 liga corr"]
[Site "Poland"]
[Date "2000.??.??"]
[Round "?"]
[White "Mlynarczyk, Robert"]
[Black "Motyka, Henryk"]
[Result "1/2-1/2"]
[WhiteElo "1800"]
[BlackElo "2188"]
[PlyCount "77"]
[EventDate "2000.??.??"]
[EventType "team (corr)"]
[EventRounds "14"]
[EventCountry "POL"]
[SourceTitle "Corr 2004"]
[Source "ChessBase"]
[SourceDate "2003.04.28"]
[SourceVersion "3"]
[SourceVersionDate "2003.04.28"]
[SourceQuality "1"]

1. e4 e6 2. Nf3 d5 3. e5 c5 4. c3 Nc6 5. d4 Bd7 6. Be2 Nge7 7. 0-0 Rc8 8. Be3 Nf5 9. Qd2 cxd4 10. cxd4 Bb4 11. Nc3 Na5 12. Rac1 Nc4 13. Bxc4 Rxc4 14. Rc2 0-0 15. a3 Bxc3 16. Rxc3 Nxe3 17. Qxe3 Rxc3 18. Qxc3 Qb8 19. Qd3 h6 20. Rc1 Rc8 21. Rc2 Rc7 22. Ne1 Qc8 23. b3 Rxc2 24. Nxc2 Bb5 25. Qd2 f6 26. g4 fxe5 27. dxe5 Be8 28. Nd4 h5 29. h3 hxg4 30. hxg4 Qc7 31. Qe3 Qe7 32. Kg2 Qh4 33. f3 Bd7 34. Qc1 Qd8 35. Kg3 Qb6 36. Qe3 Kh7 37. f4 g6 38. Kf2 Qc5 39. a4 1/2-1/2